A basic guide to international business law (Record no. 4946)

MARC details
000 -CABECERA
campo de control de longitud fija 02190nam a2200289 i 4500
001 - NÚMERO DE CONTROL
campo de control 13276561
005 - FECHA Y HORA DE LA ÚLTIMA TRANSACCIÓN
campo de control 20250915135907.0
006 - CÓDIGOS DE INFORMACIÓN DE LONGITUD FIJA--CARACTERÍSTICAS DEL MATERIAL ADICIONAL
campo de control de longitud fija m o d |
007 - CAMPO FIJO DE DESCRIPCIÓN FÍSICA--INFORMACIÓN GENERAL
campo de control de longitud fija cr n
008 - DATOS DE LONGITUD FIJA--INFORMACIÓN GENERAL
campo de control de longitud fija 191220s2005 ne o 000 0 eng d
020 ## - NÚMERO INTERNACIONAL ESTÁNDAR DEL LIBRO
ISBN cancelado o inválido 9781138174382
020 ## - NÚMERO INTERNACIONAL ESTÁNDAR DEL LIBRO
Número Internacional Estándar del Libro 9781000036091
035 ## - NÚMERO DE CONTROL DEL SISTEMA
Número de control de sistema (WaSeSS)ssj0003103983
040 ## - FUENTE DE LA CATALOGACIÓN
Centro catalogador/agencia de origen MiAaPQ
Lengua de catalogación eng
Normas de descripción pn
Centro/agencia transcriptor MiAaPQ
Centro/agencia modificador MiAaPQ
-- WaSeSS
050 #4 - SIGNATURA TOPOGRÁFICA DE LA BIBLIOTECA DEL CONGRESO
Número de clasificación K1322
Número de documento/Ítem .K459 2005
100 ## - ENTRADA PRINCIPAL--NOMBRE DE PERSONA
Nombre de persona Keizer, Jan.
9 (RLIN) 25889
245 12 - MENCIÓN DE TÍTULO
Título A basic guide to international business law
Mención de responsabilidad, etc. / J. Keizer, H. Wevers.
264 #1 - PRODUCCIÓN, PUBLICACIÓN, DISTRIBUCIÓN, FABRICACIÓN Y COPYRIGHT
Producción, publicación, distribución, fabricación y copyright Houten, The Netherlands :
Nombre del de productor, editor, distribuidor, fabricante Wolters-Noordhoff bv Groningen,
Fecha de producción, publicación, distribución, fabricación o copyright [2005]
300 ## - DESCRIPCIÓN FÍSICA
Extensión 1 online resource
520 ## - SUMARIO, ETC.
Sumario, etc. A Basic Guide to International Business Law A Basic Guide to International Business Law aims to give students an understanding as well as practical knowledge of legal problems arising in the area of international business, and to equip them with the skills needed to prevent and tackle these problems. All Chapters employ the same didactic structure. Introductory case studies, examples, annotated case law, glossaries, diagrams, summaries and exercises are all designed to familiarize students quickly with relevant aspects of international (business) law. A Basic Guide to International Business Law deals with the following topics: • Introduction to International Private Law and European Law • Legal aspects of negotiations • International contracts: matters of jurisdiction and the law applicable to these contracts • International contracts of sale • Competion law • Free movement of goods, workers, the freedom of capital and establishment and the freedom to provide services • International payments • Carriage of goods by road and sea • Incoterms • Entry modes (agents, representatives, distributors, licensing, franchising)<br/>
650 #0 - PUNTO DE ACCESO ADICIONAL DE MATERIA--TÉRMINO DE MATERIA
Término de materia o nombre geográfico como elemento de entrada International business enterprises
Subdivisión general Law and legislation.
9 (RLIN) 5138
690 ## - PUNTO DE ACCESO ADICIONAL DE MATERIA LOCAL--TÉRMINO DE MATERIA (OCLC, RLIN)
Término de materia o nombre geográfico como elemento inicial Electronic books.
700 ## - ENTRADA AGREGADA--NOMBRE PERSONAL
Nombre de persona Wevers, H.
9 (RLIN) 25890
710 2# - ENTRADA AGREGADA--NOMBRE DE ENTIDAD CORPORATIVA
Nombre de entidad corporativa o nombre de jurisdicción como elemento de entrada Taylor & Francis eBooks EBA
856 40 - LOCALIZACIÓN Y ACCESO ELECTRÓNICOS
Nota pública Click here for full text
Identificador Uniforme del Recurso <a href="https://bibliotheque.tbs-education.fr/Default/doc/SYRACUSE/3393753/a-basic-guide-to-international-business-law-h-wevers-llm">https://bibliotheque.tbs-education.fr/Default/doc/SYRACUSE/3393753/a-basic-guide-to-international-business-law-h-wevers-llm</a>
942 ## - ELEMENTOS DE ENTRADA AGREGADA (KOHA)
Fuente del sistema de clasificación o colocación Clasificación de Library of Congress
Holdings
Estado de retiro Estado de pérdida Fuente del sistema de clasificación o colocación Estado dañado No para préstamo Biblioteca de origen Biblioteca actual Fecha de adquisición Total de préstamos Fecha visto por última vez Identificador Uniforme del Recurso Precio válido a partir de Tipo de ítem Koha
    Clasificación de Library of Congress     TBS Barcelona TBS Barcelona 15/09/2025   15/09/2025 https://bibliotheque.tbs-education.fr/Default/doc/SYRACUSE/3393753/a-basic-guide-to-international-business-law-h-wevers-llm 15/09/2025 eBook

Powered by Koha